| 000 | 01097cam a22003491a 4500 | ||
|---|---|---|---|
| 001 | 20709 | ||
| 003 | BD-RjUL | ||
| 005 | 20211209000611.0 | ||
| 008 | 140302r19661960enka b 000 1 eng | ||
| 035 | _a(BD-RjUL)20771 | ||
| 035 | _a(OCoLC)8075364 | ||
| 040 |
_aDLC _cIaDaMC _dIaDaMC _dDLC _dBD-RjUL _beng |
||
| 041 | _aeng | ||
| 082 | 0 | 0 |
_a823 _bSTS 1966 |
| 100 | 1 |
_aSterne, Laurence, _d1713-1768. _963926 |
|
| 245 | 1 | 2 |
_aA sentimental journey / _cby Laurence Sterne. |
| 260 |
_aLondon : _bSimpkin Marshall, _cc960 [Reprinted 1966] |
||
| 300 |
_axxi, 225 p. : _bill. ; _c18 cm. |
||
| 490 | 0 |
_aThe Abbey classics ; _v4 |
|
| 504 | _aBibliography: p. vi. | ||
| 650 | 0 |
_aBritish _zFrance _vFiction. _963927 |
|
| 650 | 0 |
_aBritish _zItaly _vFiction. _963928 |
|
| 650 | 0 |
_aTravelers _vFiction. _963929 |
|
| 650 | 0 |
_aClergy _vFiction. _963930 |
|
| 651 | 0 |
_aFrance _vFiction. _957267 |
|
| 651 | 0 |
_aItaly _vFiction. _961627 |
|
| 655 | 7 |
_aPsychological fiction. _2lcsh _963933 |
|
| 655 | 7 |
_aHumorous fiction. _2gsafd _963934 |
|
| 942 |
_2ddc _cBK |
||
| 999 |
_c20709 _d20709 |
||